A Gestô De Conflitos Numa Organizaȯ̂ E Consequente Satisfaȯ̂ Dos Colaboradores (Record no. 2197)

MARC details
000 -Etiqueta do registo
Campo de controlo de comprimento fixo 00507 a2200157 4500
020 ## - ISBN (NÚMERO DE LIVRO PADRÃO INTERNACIONAL)
ISBN S/N
040 ## - Fonte de Catalogação
Agência de catalogação Biblioteca Geral- Universidade Lusíada de Angola
082 ## - DEWEY DECIMAL CLASSIFICATION NUMBER
Número de classificação 658.3
100 ## - Nome Pessoal
9 (RLIN) 1023
Autor Lara Joana Lopes de Figueiredo
245 ## - Declaração de Título
Título A Gestô De Conflitos Numa Organizaȯ̂ E Consequente Satisfaȯ̂ Dos Colaboradores
260 ## - Publicação e Destribuíção
Local de edição/distribuição Viseu
Editor/distribuidor Universidade Catl̤ica Portuguesa
Data de edição/distribuição 2012
300 ## - Descrição Física
Nº Pág. 206
650 ## - MATERIA
MATERIA Recursos Humanos
670 ## - Acceso eletrónico
Acceso electrónico <a href="https://drive.google.com/file/d/1_uNpF-b3mal4DgWGMRfSpYZkhx1Mo9Wa/view?usp=sharing">https://drive.google.com/file/d/1_uNpF-b3mal4DgWGMRfSpYZkhx1Mo9Wa/view?usp=sharing</a>
942 ## - - Elementos de entrada adicionados (koha)
Tipo de documento Dissertações de Grado e Mestrado
Holdings
Withdrawn status Lost status Source of classification or shelving scheme Damaged status Not for loan Permanent Location Current Location Date acquired Total Checkouts Full call number Barcode Date last seen Uniform Resource Identifier Price effective from Koha item type
    Dewey Decimal Classification     Biblioteca Geral- Universidade Lusíada de Angola Biblioteca Geral- Universidade Lusíada de Angola 15/04/2026   658.3 2026-0127 15/04/2026 https://drive.google.com/file/d/1_uNpF-b3mal4DgWGMRfSpYZkhx1Mo9Wa/view?usp=sharing 15/04/2026 Livros eletrônicos